Brazilian states capital - Statistics

General Stats
  • This quiz has been taken 758 times
  • The average score is 22 of 27
Answer Stats
STATE CAPITAL % Correct
São Paulo São Paulo
99%
Rio de Janeiro Rio de Janeiro
98%
Distrito Federal Brasília
96%
Amazonas Manaus
96%
Bahia Salvador
95%
Minas Gerais Belo Horizonte
93%
Rio Grande do Sul Porto Alegre
92%
Paraná Curitiba
91%
Ceará Fortaleza
91%
Pernambuco Recife
89%
Goiás Goiânia
88%
Pará Belém
86%
Santa Catarina Florianópolis
85%
Rio Grande do Norte Natal
85%
Espírito Santo Vitória
80%
Maranhão São Luís
79%
Amapá Macapá
78%
Acre Rio Branco
77%
Mato Grosso Cuiabá
74%
Alagoas Maceió
72%
Mato Grosso do Sul Campo Grande
71%
Paraíba João Pessoa
71%
Tocantins Palmas
71%
Rondônia Porto Velho
69%
Piauí Teresina
68%
Sergipe Aracaju
64%
Roraima Boa Vista
63%
No matching quizzes found
Score Distribution
Percent of People with Each Score
Percentile by Number Answered
Your Score History
You have not taken this quiz